Statistiken für NFL Teams nach College (Defense)

Klicken Sie hier um das Quiz zu spielen!

Allgemein

  • Dieses Quiz wurde 62 mal gespielt
  • Das Durchschnittsergebnis liegt bei 15 aus 32

Antwortstatistiken

HintAntwort% Korrekt
PittFlorida St.Utah St.Rams
70%
Ohio St.Florida St.Notre DameChargers
65%
AlabamaAlabamaCincinnatiJets
65%
PurdueMissouriStanfordChiefs
61%
Boise St.Penn St.AlabamaCowboys
61%
Ohio St.Texas A&MNotre DameBrowns
59%
Grand Valley St.AlabamaLenoir-RhynePatriots
59%
Ohio St.BYUNorthern Illinois49ers
56%
UCLAMichiganLouisvillePackers
54%
HoustonVirginia TechFloridaBills
52%
WisconsinWashingtonClemsonCardinals
52%
FloridaMichiganPenn St.Lions
52%
GeorgiaTempleMississippi St.Eagles
50%
ClemsonLSUClemsonFalcons
48%
ClemsonOregonUSCGiants
48%
AuburnWashingtonSouth CarolinaPanthers
46%
UTSAArkansas St.LSUSaints
46%
NC StateAlabamaOle MissBroncos
43%
South Carolina St.Valdosta St.MichiganColts
43%
Ohio St.AlabamaWisconsinSteelers
43%
TCUIowaLSUTexans
41%
UCONNKentuckyUCFJaguars
39%
TennesseeTexas TechLSUSeahawks
39%
SyracuseTCUMiamiRaiders
35%
MiamiPenn St.AlabamaRavens
35%
AlabamaLSUNotre DameVikings
35%
KentuckyAlabamaHoustonCommanders
33%
UNCAlabamaGeorgiaBears
30%
Mississippi St.Boston CollegeLSUTitans
30%
Wake ForestWyomingClemsonBengals
28%
MinnesotaNebraskaWashingtonBuccaneers
28%
ClemsonOklahoma St.BaylorDolphins
28%

Verteilung der Resultate

Perzentil nach korrekt beantworteten Fragen

Anzahl Personen mit jedem Resultat

Ihre Resultats-Entwicklung

Sie haben dieses Quiz noch nicht gespielt